| 000 | 01068nam a2200277 a 4500 | ||
|---|---|---|---|
| 001 | 000032388 | ||
| 005 | 20250621074008.0 | ||
| 008 | 110715t1936 dr 001 0dspa d | ||
| 040 |
_aDO-SdBNP _bspa _cBNPHU |
||
| 082 |
_a923.17293 _bM385h |
||
| 100 | 1 |
_aMartínez, Rufino _938668 |
|
| 245 | 1 | 0 |
_aHombres dominicanos : _bDeschamps, Heureaux, Luperón / _cRufino Martínez. |
| 260 |
_aCiudad Trujillo, República Dominicana : _bMontalvo, _c1936. |
||
| 300 |
_av. : _b20 cm. |
||
| 500 | _aColección editada en diferentes años y casas editoras. | ||
| 600 | 1 | 4 |
_aDESCHAMPS, EUGENIO, _y1861-1919 _950573 |
| 600 | 1 | 0 |
_a Heureaux, Ulises, _d1845-1899 _9598 |
| 600 | 1 | 0 |
_aLuperón, Gregorio, _d1839-1897 _9888 |
| 650 | 4 |
_aPresidentes _zRepública Dominicana _9599 |
|
| 650 | 4 |
_aDictadores _zRepública Dominicana _9601 |
|
| 650 | 4 |
_aPolíticos _zRepública Dominicana _91349 |
|
| 651 | 0 |
_aRepública Dominicana _xPolítica y gobierno _945 |
|
| 651 | 0 |
_aRepública Dominicana -- _xHistoria -- _y1844-1930 _91009 |
|
| 910 | _aValidado. Control de calidad EMS. | ||
| 049 | _aBNPD | ||
| 999 |
_c31879 _d31879 |
||